ARRUPE JESUIT UNIVERSITY

CORONAVIRUS -STOP THE SPREAD - CLEAN,DISINFECT,COVER

The Marx-Engels correspondence : (Record no. 131408)

MARC details
000 -LEADER
fixed length control field 01088cam a2200313 a 4500
001 - CONTROL NUMBER
control field 4705200
003 - CONTROL NUMBER IDENTIFIER
control field ARRUPE
005 - DATE AND TIME OF LATEST TRANSACTION
control field 20220511091624.0
008 - FIXED-LENGTH DATA ELEMENTS--GENERAL INFORMATION
fixed length control field 841126s1981 enk 001 0 eng
010 ## - LIBRARY OF CONGRESS CONTROL NUMBER
LC control number 82176282
020 ## - INTERNATIONAL STANDARD BOOK NUMBER
International Standard Book Number 029777994X
040 ## - CATALOGING SOURCE
Original cataloging agency DLC
Transcribing agency DLC
Modifying agency DLC
041 1# - LANGUAGE CODE
Language code of text/sound track or separate title eng
Language code of original and/or intermediate translations of text ger
050 00 - LIBRARY OF CONGRESS CALL NUMBER
Classification number HX39.5
Item number .A4 1981b
082 00 - DEWEY DECIMAL CLASSIFICATION NUMBER
Classification number 335.4/092/2
Edition number 19
300 ## - PHYSICAL DESCRIPTION
Dimensions 23 cm.
100 1# - MAIN ENTRY--PERSONAL NAME
Personal name Marx, Karl,
Dates associated with a name 1818-1883.
240 10 - UNIFORM TITLE
Uniform title <a href="Correspondence.">Correspondence.</a>
Form subheading Selections.
Language of a work English
245 14 - TITLE STATEMENT
Title The Marx-Engels correspondence :
Remainder of title the personal letters, 1844-1877 : a selection /
Statement of responsibility, etc edited by Fritz J. Raddatz ; translated from the German by Ewald Osers.
260 ## - PUBLICATION, DISTRIBUTION, ETC. (IMPRINT)
Place of publication, distribution, etc London :
Name of publisher, distributor, etc Weidenfeld and Nicolson,
Date of publication, distribution, etc 1981.
300 ## - PHYSICAL DESCRIPTION
Extent 194 p. ;
500 ## - GENERAL NOTE
General note Includes index.
600 10 - SUBJECT ADDED ENTRY--PERSONAL NAME
Personal name Marx, Karl,
Dates associated with a name 1818-1883.
600 10 - SUBJECT ADDED ENTRY--PERSONAL NAME
Personal name Engels, Friedrich,
Dates associated with a name 1820-1895.
9 (RLIN) 23758
650 #0 - SUBJECT ADDED ENTRY--TOPICAL TERM
Topical term or geographic name as entry element Communists
Form subdivision Correspondence.
9 (RLIN) 51541
700 1# - ADDED ENTRY--PERSONAL NAME
Personal name Engels, Friedrich,
Dates associated with a name 1820-1895.
9 (RLIN) 23758
700 1# - ADDED ENTRY--PERSONAL NAME
Personal name Raddatz, Fritz J.
Fuller form of name (Fritz Joachim)
9 (RLIN) 51542
906 ## - LOCAL DATA ELEMENT F, LDF (RLIN)
a 7
b cbc
c orignew
d 3
e ncip
f 19
g y-gencatlg
942 ## - ADDED ENTRY ELEMENTS (KOHA)
Source of classification or shelving scheme Library of Congress Classification
Koha item type Monograph ( Printed materials)
Holdings
Withdrawn status Lost status Source of classification or shelving scheme Damaged status Not for loan Collection code Home library Current library Shelving location Date acquired Total Checkouts Full call number Barcode Date last seen Price effective from Koha item type
    Library of Congress Classification     Main Collection ARRUPE LIBRARY ARRUPE LIBRARY Main Collection 11/05/2022   HX39.5 .A4 1981b 46600008476 11/05/2022 11/05/2022 Monograph ( Printed materials)

 

Arrupe Library. PO Box MP320 Mt Pleasant, Harare, Zimbabwe
263 242 745411|librarian@aju.ac.zw